000 00678nam a2200181Ia 4500
008 100921s9999 xx 000 0 und d
082 _b14909
_a891.461 ढ 91
100 _aआनंदतनय-मोडक जनार्दन बालाजी,ओक वामन दाजी.
245 _aकवितासंग्रह.
260 _bनिर्णयसागर छापखाना,मुंबई.
_c1891
300 _a152
_b---
365 _b0.75
520 _aललित-काव्य.
630 _aकवितासंग्रह.
650 _aललित-काव्य.
730 _aकवितासंग्रह.
942 _cBOOK
999 _c764022
_d764019